| Tag |
First Indicator |
Second Indicator |
Subfields |
| LEADER |
00000cam a2200000 a 4500 |
| 001 |
in00002743821 |
| 005 |
20211120163759.0 |
| 006 |
m d f |
| 007 |
cr cn||||||||| |
| 008 |
111130s2009 paua o f000 0 eng c |
| 035 |
|
|
|a (OCoLC)ocn764569243
|
| 040 |
|
|
|a GPO
|c GPO
|d GPO
|d MvI
|d UtOrBLW
|
| 042 |
|
|
|a pcc
|
| 043 |
|
|
|a n-us---
|
| 049 |
|
|
|a WWW
|
| 074 |
|
|
|a 0637-H-02 (online)
|
| 086 |
0 |
|
|a L 38.22:P 09-01
|
| 245 |
0 |
0 |
|a Potential safety hazard on J.H. Fletcher & Co. roof bolting machines with independent left and right tram levers.
|
| 264 |
|
1 |
|a [Pittsburgh, Pa.] :
|b [U.S. Dept. of Labor, Mine Safety and Health Administration, Pittsburgh Safety & Health Technology Center],
|c [2009]
|
| 300 |
|
|
|a 1 online resource (6 unnumbered pages) :
|b color illustrations
|
| 336 |
|
|
|a text
|b txt
|2 rdacontent
|
| 337 |
|
|
|a computer
|b c
|2 rdamedia
|
| 338 |
|
|
|a online resource
|b cr
|2 rdacarrier
|
| 490 |
1 |
|
|a Program information bulletin ;
|v no. P09-01
|
| 500 |
|
|
|a Title from title screen (viewed on Nov. 30, 2011).
|
| 500 |
|
|
|a "Issue date: 01/06/2009."
|
| 500 |
|
|
|a Electronic resource.
|
| 650 |
|
0 |
|a Mine roof bolting
|x Equipment and supplies.
|
| 650 |
|
0 |
|a Mine roof bolting
|x Safety measures.
|
| 650 |
|
0 |
|a Mine safety
|z United States.
|
| 710 |
2 |
|
|a Pittsburgh Safety and Health Technology Center (U.S.)
|
| 776 |
0 |
8 |
|i Print version:
|t Potential safety hazard on J.H. Fletcher & Co. roof bolting machines with independent left and right tram levers
|w (OCoLC)764578465
|
| 830 |
|
0 |
|a Program information bulletin ;
|v no. P09-01.
|
| 856 |
4 |
0 |
|u https://purl.fdlp.gov/GPO/gpo15753
|t 0
|
| 999 |
|
|
|a MARS
|
| 999 |
f |
f |
|s d3f5bd45-94cc-39e2-baf0-63567265acf0
|i 3d2ed0c7-ceb9-3538-8b0a-99f9fbe8bf5b
|t 0
|
| 952 |
f |
f |
|a Texas A&M University
|b College Station
|c Electronic Resources
|d Available Online
|t 0
|e L 38.22:P 09-01
|h Superintendent of Documents classification
|
| 998 |
f |
f |
|a L 38.22:P 09-01
|t 0
|l Available Online
|